| 000 | 00542nam a2200181Ia 4500 | ||
|---|---|---|---|
| 005 | 20250508162221.0 | ||
| 008 | 008 250505s9999 xx 000 0 eng d | ||
| 037 | _aBooks to be hide in OPAC | ||
| 040 |
_aFEDL _beng _cFEDL |
||
| 041 |
_aeng _2eng |
||
| 084 |
_a428, DRA/O _qFEDL |
||
| 100 |
_aDrake H B _9771582 |
||
| 245 | 0 | _aApproach to english literature for students abroad. Book 5 | |
| 260 |
_aLondon, UK _bOxford University Press _c1953 |
||
| 300 | _avi,215p. | ||
| 942 |
_cHB _h428, DRA/O |
||
| 999 |
_c1375168 _d1375168 |
||